| 000 | 01172cab a2200277 4500 | ||
|---|---|---|---|
| 001 | ABS37327 | ||
| 008 | 090401t1986 xxu||||| |||| 00| 0 eng d | ||
| 035 | _a(Sirsi) u3733 | ||
| 041 | _aeng | ||
| 100 | _aForte, A. | ||
| 245 | _aDisclaiming liability for negligent property surveys | ||
| 260 | _c1986 | ||
| 350 | _a0 | ||
| 490 |
_aScots Law Times _v1986 31 October 1986, 293-298 (6) |
||
| 520 | _aIn the light of the recent decision in Scots law, Martin v Bell-Ingram , which was concerned the issue of the duty owed to a prospective house purchaser by a surveyor instructed by a building society , the author makes a critical examination of statute and caselaw and concludes that it may still be easier to avoid liability in Scotland than in England by the well-timed use of a non-contractual disclaimer . | ||
| 650 | _aABOUT RICS-RICS MEMBERS | ||
| 650 | _aDUTY OF CARE | ||
| 650 | _aHOUSE PURCHASE | ||
| 650 | _aPROFESSIONAL NEGLIGENCE | ||
| 650 | _aSTRUCTURAL SURVEYS | ||
| 650 | _aUNFAIR CONTRACT TERMS ACT | ||
| 650 | _aVENDOR AND PURCHASER | ||
| 690 | _aMANAGEMENT-BUSINESS MANAGEMENT-PROFESSIONAL PRACTICE | ||
| 942 | _n0 | ||
| 948 | _c04/03/1997 | ||
| 999 |
_c2280 _d2280 |
||